Т. 19, № 1; Ученые записки ЦАГИ

Detaylı Bibliyografya
Parent link:Ученые записки ЦАГИ/ Центральный аэрогидродинамический институт (ЦАГИ). Т. 19, № 1.— , 1970-1991
Dil:Rusça
Baskı/Yayın Bilgisi: 1988
Konular:
Materyal Türü: Kitap
KOHA link:https://koha.lib.tpu.ru/cgi-bin/koha/opac-detail.pl?biblionumber=336385

MARC

LEADER 00000nam2a2200000 4500
001 336385
005 20231102004841.0
035 |a (RuTPU)RU\TPU\book\362801 
035 |a RU\TPU\book\269678 
090 |a 336385 
100 |a 20171013d1988 k y0rusy50 ca 
101 0 |a rus 
102 |a RU 
105 |a a z 001zy 
200 0 |a Т. 19, № 1 
210 |d 1988 
215 |a 130 с.  |c ил. 
320 |a Библиогр. в конце ст. 
461 1 |0 (RuTPU)RU\TPU\book\218989  |t Ученые записки ЦАГИ  |f Центральный аэрогидродинамический институт (ЦАГИ)  |v Т. 19, № 1  |d 1970-1991 
606 1 |a Аэрогазодинамика  |2 stltpush  |3 (RuTPU)RU\TPU\subj\29854  |9 53093 
610 1 |a механика газа 
610 1 |a механика жидкости 
610 1 |a плазма 
610 1 |a механика 
610 1 |a деформирование 
610 1 |a прочность 
610 1 |a колебания 
610 1 |a реальные процессы 
610 1 |a моделирование 
675 |a 533.6  |v 3 
801 1 |a RU  |b 63413507  |c 20110907 
801 2 |a RU  |b 63413507  |c 20231009  |g RCR 
942 |c BK